本屋大賞受賞作品 - Statistics

General Stats
  • This quiz has been taken 136 times
    72 since last reset
  • The average score is 10 of 22
Answer Stats
受賞年 著者 Answer % Correct
2004 小川洋子 博士の愛した数式
76%
2009 湊かなえ 告白
73%
2018 辻村深月 かがみの孤城
63%
2024 宮島未奈 成瀬は天下を取りにいく
63%
2017 恩田陸 蜜蜂と遠雷
61%
2008 伊坂幸太郎 ゴールデンスランバー
56%
2019 瀬尾まいこ そして、バトンは渡された
51%
2005 恩田陸 夜のピクニック
49%
2012 三浦しをん 舟を編む
49%
2014 和田竜 村上海賊の娘
46%
2006 リリー・フランキー 東京タワー~オカンとボクと、時々、オトン~
44%
2011 東川篤哉 謎解きはディナーのあとで
44%
2022 逢坂冬馬 同志少女よ、敵を撃て
44%
2016 宮下奈都 羊と鋼の森
37%
2013 百田尚樹 海賊と呼ばれた男
34%
2020 凪良ゆう 流浪の月
34%
2025 阿部暁子 カフネ
34%
2021 町田そのこ 52ヘルツのクジラたち
34%
2023 凪良ゆう 汝、星のごとく
29%
2010 冲方丁 天地明察
24%
2015 上橋菜穂子 鹿の王
22%
2007 佐藤多佳子 一瞬の風になれ
17%
No matching quizzes found
Score Distribution
Percent of People with Each Score
Percentile by Number Answered
Your Score History
You have not taken this quiz since the last reset